000 00511nam a2200193Ia 4500
003 GCL
008 140319s9999 xx 000 0 eng d
040 _aGCL /
_cGCL
082 0 4 _a320.940
_bE B
100 1 _aBIDELEUX, ROBERT
245 1 0 _aEUROPEAN INTEGRATION AND DISINTEGRATION /
_cBIDELEUX, ROBERT
700 1 _aTAYLOR, RICHARD
260 _a[S.N] :
_bROUTLEDGE ،
_c1996
300 _a298 P
650 0 4 _aPOLITICAL SOCIETIES
650 0 4 _aNATIONALISM
650 0 4 _aPOLICY - EUROPE
942 _2ddc
_cBK
999 _c14406
_d14406